000 00835nam a2200205Ia 4500
003 OSt
005 20241015103049.0
008 210719s1991 xx 000 0 und d
040 _cAL
041 _aKannada
082 _a310.95487 KARD
100 _aKARNATAKA SARAKARA
_dಕರ್ನಾಟಕ ಸರ್ಕಾರ
_9182342
245 _aDakshina kannada jilleya arthika mattu samajika sameekshe 1990-91
_bದಕ್ಷಿಣ ಕನ್ನಡ ಜಿಲ್ಲೆಯ ಆರ್ಥಿಕ ಮತ್ತು ಸಾಮಾಜಿಕ ಸಮೀಕ್ಷೆ 1990-91
260 _aMangaluru.
_bJilla Sankhya Sangrahanadhikariyavara Kacheri.,
_c1991
300 _a76
_bPB
365 _cRs
650 _aMathematical Statistics
_9182343
906 _a1990-91 ; arthika ; Dakshina ; jilleya ; kannada ; mattu ; samajika ; sameekshe
942 _2ddc
_cBK
999 _c212149
_d212149